[Event "BL2 West 1920 (Women)"]
[Site "Germany"]
[Date "2020.02.16"]
[Round "7.4"]
[White "Schmitz, Carolin"]
[Black "Willrodt, Sonja"]
[Result "0-1"]
[WhiteElo "1758"]
[BlackElo "1870"]
[PlyCount "102"]
[EventDate "2019.09.14"]
[EventType "team-tourn"]
[EventRounds "7"]
[EventCountry "GER"]
[SourceTitle "EXT 2021"]
[Source "ChessBase"]
[SourceDate "2020.10.23"]
[SourceVersion "1"]
[SourceVersionDate "2020.10.23"]
[SourceQuality "1"]
[WhiteTeam "Steinfurt (W)"]
[BlackTeam "Kiel Doppelbauer (W)"]
[WhiteTeamCountry "GER"]
[BlackTeamCountry "GER"]

1. e4 e6 2. d4 d5 3. exd5 exd5 4. Nf3 Nf6 5. Bd3 Be7 6. 0-0 0-0 7. h3 Nbd7 8. Bf4 Re8 9. Re1 Nf8 10. Ne5 Ng6 11. Nxg6 hxg6 12. Nd2 Bf5 13. Bxf5 gxf5 14. c3 Ne4 15. f3 Ng5 16. Qc2 g6 17. Qb3 Ne6 18. Bh2 Bd6 19. Nf1 Bxh2+ 20. Nxh2 Qd6 21. Nf1 b6 22. Re5 c6 23. Rae1 Re7 24. Qc2 Rae8 25. Qf2 Ng7 26. f4 f6 27. Rxe7 Rxe7 28. Rxe7 Qxe7 29. Qg3 Kf7 30. Qf3 Qe4 31. Kf2 Qb1 32. Qe2 Qxa2 33. g4 Qb1 34. Ng3 Qc1 35. Kf3 fxg4+ 36. hxg4 Ne6 37. f5 Qf4+ 38. Kg2 gxf5 39. Nxf5 Qxf5 40. gxf5 Nf4+ 41. Kf3 Nxe2 42. Kxe2 a5 43. Ke3 Ke7 44. Kd3 Kd6 45. Ke3 c5 46. Kf4 b5 47. Kg4 cxd4 48. cxd4 b4 49. Kf3 a4 50. Ke3 a3 51. Kd3 a2 0-1

[Event "GER-chT Federal Cup (Women)"]
[Site "Braunfels"]
[Date "2018.05.31"]
[Round "1.4"]
[White "Willrodt, Sonja"]
[Black "Sokalskaja, Elena"]
[Result "1/2-1/2"]
[WhiteElo "1874"]
[BlackElo "2058"]
[PlyCount "123"]
[EventDate "2018.05.31"]
[EventType "team-swiss"]
[EventRounds "5"]
[EventCountry "GER"]
[SourceTitle "EXT 2020"]
[Source "ChessBase"]
[SourceDate "2019.10.17"]
[SourceVersion "1"]
[SourceVersionDate "2019.10.17"]
[SourceQuality "1"]
[WhiteTeam "Schleswig Holstein (W)"]
[BlackTeam "Nordrhein Westfalen (W)"]
[WhiteTeamCountry "GER"]
[BlackTeamCountry "GER"]

1. Nf3 Nf6 2. d4 g6 3. c3 Bg7 4. Nbd2 d5 5. Qc2 0-0 6. e4 Nxe4 7. Nxe4 dxe4 8. Qxe4 Nd7 9. Be2 Nf6 10. Qc2 c6 11. 0-0 Qb6 12. h3 Bf5 13. Qb3 Nd7 14. Qxb6 Nxb6 15. Nd2 e5 16. dxe5 Bxe5 17. Nc4 Bc7 18. Nxb6 axb6 19. a3 Rfe8 20. Re1 Re6 21. Bg5 Rae8 22. Kf1 Be4 23. Be3 b5 24. Rad1 Bd5 25. Bxb5 Bb3 26. Rd7 Bf4 27. Be2 Bxe3 28. fxe3 Rxe3 29. Kf2 b5 30. c4 Kg7 31. cxb5 cxb5 32. Rd3 Rxd3 33. Bxd3 Rb8 34. Re5 Bc4 35. Bxc4 bxc4 36. Re2 Rb3 37. a4 Rb4 38. a5 Ra4 39. Rc2 Kf6 40. a6 Ke5 41. Ke3 Kd5 42. Rd2+ Kc5 43. Rd7 Rxa6 44. Rxf7 h5 45. Kd2 Rd6+ 46. Kc2 Re6 47. Kd2 Rb6 48. Kc2 Rb3 49. Rf2 Rg3 50. Re2 Kb4 51. Rf2 g5 52. Re2 Kc5 53. Kd2 Kd4 54. Kc2 c3 55. bxc3+ Rxc3+ 56. Kd2 Ra3 57. Ke1 Re3 58. Kf2 Rxe2+ 59. Kxe2 Ke4 60. Kf2 Kf4 61. g3+ Ke4 62. h4 1/2-1/2

[Event "BL 1718 (Women)"]
[Site "Germany"]
[Date "2018.03.24"]
[Round "10.6"]
[White "Willrodt, Sonja"]
[Black "Zahn, Nicol"]
[Result "1/2-1/2"]
[WhiteElo "1870"]
[BlackElo "1888"]
[PlyCount "105"]
[EventDate "2017.10.01"]
[EventType "team-tourn"]
[EventRounds "11"]
[EventCountry "GER"]
[SourceTitle "EXT 2019"]
[Source "ChessBase"]
[SourceDate "2018.10.10"]
[SourceVersion "1"]
[SourceVersionDate "2018.10.10"]
[SourceQuality "1"]
[WhiteTeam "Kiel Doppelbauer (W)"]
[BlackTeam "Hofheim (W)"]
[WhiteTeamCountry "GER"]
[BlackTeamCountry "GER"]

1. Nf3 f5 2. e4 fxe4 3. Ng5 Nf6 4. d3 e5 5. Nxe4 d5 6. Ng3 Be7 7. Be2 0-0 8. 0-0 Be6 9. Nd2 Nbd7 10. Qe1 Qe8 11. f4 exf4 12. Nh5 Bc5+ 13. Kh1 Nxh5 14. Bxh5 Bf7 15. Bxf7+ Rxf7 16. Qd1 Qf8 17. Nf3 Re8 18. d4 Bd6 19. Ng5 Rf5 20. Qg4 Qf6 21. Nh3 h5 22. Qd1 Re4 23. c3 Qf7 24. Bd2 g5 25. Qa4 a6 26. Rad1 g4 27. Nf2 Re2 28. Qb3 Nb6 29. Bc1 Qe7 30. Nd3 Qe4 31. Nf2 Qe6 32. Nd3 f3 33. gxf3 Rxf3 34. Rxf3 gxf3 35. Rg1+ Rg2 36. Qc2 Rxg1+ 37. Kxg1 Qg4+ 38. Kh1 Be7 39. Ne5 Qg2+ 40. Qxg2+ fxg2+ 41. Kxg2 Kg7 42. h3 Kf6 43. Kf3 Kf5 44. b3 Bd6 45. Nd3 Nd7 46. Bd2 c6 47. Be1 Nf6 48. c4 Ne4 49. cxd5 cxd5 50. Bb4 Bh2 51. Kg2 Bc7 52. Be7 Nc3 53. Nc5 1/2-1/2

[Event "BL2 West 1617 (Women)"]
[Site "Germany"]
[Date "2017.02.12"]
[Round "5.5"]
[White "Knobel, Dagmar"]
[Black "Willrodt, Sonja"]
[Result "0-1"]
[WhiteElo "1583"]
[BlackElo "1865"]
[PlyCount "94"]
[EventDate "2016.10.22"]
[EventType "team-tourn"]
[EventRounds "7"]
[EventCountry "GER"]
[SourceTitle "EXT 2018"]
[Source "ChessBase"]
[SourceDate "2017.10.13"]
[SourceVersion "1"]
[SourceVersionDate "2017.10.13"]
[SourceQuality "1"]
[WhiteTeam "Quickborn Holstein (W)"]
[BlackTeam "Kiel Doppelbauer (W)"]
[WhiteTeamCountry "GER"]
[BlackTeamCountry "GER"]

1. d4 e6 2. c4 d5 3. e3 Nf6 4. Nc3 c6 5. Nf3 Nbd7 6. Bd3 dxc4 7. Bxc4 Bd6 8. 0-0 0-0 9. Qc2 Re8 10. Re1 Nb6 11. Bd3 Nbd5 12. e4 Nb4 13. Qb1 Nxd3 14. Qxd3 Bf8 15. e5 Nd5 16. Nxd5 exd5 17. Bd2 f6 18. exf6 Rxe1+ 19. Rxe1 Qxf6 20. Bg5 Bf5 21. Qb3 Qf7 22. Ne5 Qc7 23. Bh4 Re8 24. Bg3 Qb6 25. Qxb6 axb6 26. f3 Ra8 27. a3 c5 28. Bf2 Ra4 29. Rd1 c4 30. Be1 b5 31. Bc3 b4 32. axb4 Bxb4 33. Bxb4 Rxb4 34. Rd2 Kf8 35. g4 Be6 36. f4 g6 37. Kf2 Rb3 38. Ke1 b5 39. Kd1 b4 40. Kc1 Re3 41. Kd1 b3 42. Re2 Rxe2 43. Kxe2 c3 44. Nd3 Bxg4+ 45. Ke1 Bf5 46. bxc3 Bxd3 47. Kd2 b2 0-1

[Event "GER-chT Federal Cup (Women)"]
[Site "Braunfels"]
[Date "2015.06.06"]
[Round "4.5"]
[White "Willrodt, Sonja"]
[Black "Haehnel, Andrea"]
[Result "1-0"]
[WhiteElo "1723"]
[BlackElo "1649"]
[PlyCount "77"]
[EventDate "2015.06.04"]
[EventType "team-swiss"]
[EventRounds "5"]
[EventCountry "GER"]
[SourceTitle "CBM 167 Extra"]
[Source "ChessBase"]
[SourceDate "2015.09.14"]
[SourceVersion "1"]
[SourceVersionDate "2015.09.14"]
[SourceQuality "1"]
[WhiteTeam "Schleswig Holstein (W)"]
[BlackTeam "Nordrhein Westfalen (W)"]
[WhiteTeamCountry "GER"]
[BlackTeamCountry "GER"]

1. Nf3 d5 2. d4 Nf6 3. g3 Nc6 4. Bg2 Bf5 5. c3 e6 6. Nbd2 Bd6 7. Nh4 Bg6 8. Nxg6 hxg6 9. e4 Be7 10. e5 Nd7 11. f4 f5 12. exf6 gxf6 13. Qg4 Kf7 14. Nf1 Qg8 15. Ne3 f5 16. Qe2 Nf6 17. Bd2 a6 18. 0-0-0 Rb8 19. c4 Qd8 20. cxd5 exd5 21. Nxd5 Ng4 22. Nxe7 Nxe7 23. h3 Nf6 24. Rhe1 Re8 25. Qc4+ Kg7 26. d5 b5 27. Qc5 Kh7 28. Bc3 Rb6 29. Be5 Nd7 30. Bxc7 Nxc5 31. Bxd8 Rxd8 32. Rxe7+ Kh6 33. g4 Rd7 34. Rxd7 Nxd7 35. Re1 Nc5 36. Kd2 Rd6 37. Ke3 Kg7 38. Kd4 Nb7 39. Re7+ 1-0

[Event "BL2 West 1314 (Women)"]
[Site "Germany"]
[Date "2014.02.16"]
[Round "5.6"]
[White "Selge Rolle, Ursula"]
[Black "Willrodt, Sonja"]
[Result "0-1"]
[WhiteElo "1395"]
[BlackElo "1865"]
[PlyCount "110"]
[EventDate "2013.11.30"]
[EventType "team-tourn"]
[EventRounds "7"]
[EventCountry "GER"]
[SourceTitle "EXT 2018"]
[Source "ChessBase"]
[SourceDate "2017.10.13"]
[SourceVersion "1"]
[SourceVersionDate "2017.10.13"]
[SourceQuality "1"]
[WhiteTeam "Krefeld Turm (W)"]
[BlackTeam "Kiel Doppelbauer (W)"]
[WhiteTeamCountry "GER"]
[BlackTeamCountry "GER"]

1. e4 e6 2. d4 d5 3. Nc3 Nf6 4. e5 Nfd7 5. Nf3 a6 6. a3 c5 7. Be3 Nc6 8. Be2 Qc7 9. Na4 cxd4 10. Bxd4 b5 11. Nc3 Ncxe5 12. Nxe5 Nxe5 13. 0-0 Nc6 14. Bf3 Nxd4 15. Qxd4 Qc5 16. Qd3 Be7 17. Rfe1 0-0 18. Nd1 Bb7 19. Ne3 Rac8 20. Rac1 Bf6 21. c3 g6 22. Ng4 Bg7 23. Ne5 Rc7 24. Qd2 Rfc8 25. h4 Qf8 26. h5 Bh6 27. Qd3 Bxc1 28. Rxc1 gxh5 29. Bxh5 Qh6 30. Qd1 f5 31. Rc2 Qg7 32. Qd4 Bc6 33. Rd2 Be8 34. Bxe8 Rxe8 35. Rd3 Rc4 36. Nxc4 Qxd4 37. Rxd4 bxc4 38. g4 fxg4 39. Rxg4+ Kf7 40. Rh4 Rg8+ 41. Kf1 Rg7 42. Ke2 Ke7 43. Ke3 Kd6 44. Rh6 a5 45. a4 Re7 46. Kd4 Rb7 47. f4 Rxb2 48. f5 Re2 49. Rxe6+ Rxe6 50. fxe6 Kxe6 51. Kc5 h5 52. Kd4 h4 53. Ke3 h3 54. Kf2 h2 55. Kg2 d4 0-1

[Event "BL2 West 1213 (Women)"]
[Site "Germany"]
[Date "2013.03.09"]
[Round "6.6"]
[White "Willrodt, Sonja"]
[Black "Knop, Karin"]
[Result "1-0"]
[WhiteElo "1888"]
[BlackElo "1441"]
[PlyCount "49"]
[EventDate "2012.10.06"]
[EventType "team-tourn"]
[EventRounds "7"]
[EventCountry "GER"]
[SourceTitle "EXT 2018"]
[Source "ChessBase"]
[SourceDate "2017.10.13"]
[SourceVersion "1"]
[SourceVersionDate "2017.10.13"]
[SourceQuality "1"]
[WhiteTeam "Kiel Doppelbauer (W)"]
[BlackTeam "Heiden (W)"]
[WhiteTeamCountry "GER"]
[BlackTeamCountry "GER"]

1. Nf3 Nc6 2. d4 d5 3. c3 h6 4. Qc2 Nf6 5. Nbd2 Bg4 6. e3 e6 7. Bd3 Bd6 8. h3 Bxf3 9. Nxf3 Qd7 10. a3 a6 11. b4 b5 12. 0-0 0-0 13. a4 Na7 14. axb5 Nxb5 15. c4 dxc4 16. Qxc4 Rfe8 17. e4 e5 18. dxe5 Bxe5 19. Nxe5 Rxe5 20. Bb2 Re6 21. Rfd1 Qe7 22. Qc2 Nxe4 23. Bxb5 Qxb4 24. Bc6 Rb8 25. Ba3 1-0

[Event "BL2 West 1213 (Women)"]
[Site "Germany"]
[Date "2012.10.07"]
[Round "2.5"]
[White "Willrodt, Sonja"]
[Black "Koehler, Inken"]
[Result "0-1"]
[WhiteElo "1888"]
[BlackElo "1459"]
[PlyCount "102"]
[EventDate "2012.10.06"]
[EventType "team-tourn"]
[EventRounds "7"]
[EventCountry "GER"]
[SourceTitle "EXT 2018"]
[Source "ChessBase"]
[SourceDate "2017.10.13"]
[SourceVersion "1"]
[SourceVersionDate "2017.10.13"]
[SourceQuality "1"]
[WhiteTeam "Kiel Doppelbauer (W)"]
[BlackTeam "Harksheide (W)"]
[WhiteTeamCountry "GER"]
[BlackTeamCountry "GER"]

1. Nf3 d5 2. d4 c5 3. e3 Nc6 4. Nc3 Nf6 5. Ne5 e6 6. Bb5 Qb6 7. Qe2 Bd7 8. Bxc6 bxc6 9. dxc5 Bxc5 10. 0-0 0-0 11. Rb1 Qc7 12. Nxd7 Nxd7 13. e4 Bd6 14. f4 f6 15. exd5 exd5 16. Qe6+ Kh8 17. Bd2 f5 18. Qe2 Rae8 19. Qf3 Nf6 20. Rbe1 Qb6+ 21. Be3 Qxb2 22. Bxa7 Qxc2 23. Rc1 Qb2 24. Bd4 Qb4 25. Rfd1 Bc5 26. Qf2 Bxd4 27. Rxd4 Qa3 28. Qc2 Ng4 29. h3 Ne3 30. Qd2 Nc4 31. Qd1 Re3 32. Qc2 Rfe8 33. Nd1 Re1+ 34. Kh2 Ne3 35. Nxe3 Rxc1 36. Qxf5 Qxe3 37. Rd3 Qe4 38. Qf7 Re1 39. Rg3 Qd4 40. h4 R1e7 41. Qf5 Qe4 42. Qg5 Rf8 43. Rf3 Ref7 44. Kh3 Rxf4 45. Rb3 Qf5+ 46. Qxf5 R4xf5 47. a4 d4 48. Rb6 d3 49. Rxc6 Rd8 50. Rc1 d2 51. Rd1 Rc5 0-1

[Event "BL2 West 1213 (Women)"]
[Site "Germany"]
[Date "2012.10.06"]
[Round "1.5"]
[White "Sieber, Fiona"]
[Black "Willrodt, Sonja"]
[Result "1-0"]
[WhiteElo "1800"]
[BlackElo "1888"]
[PlyCount "77"]
[EventDate "2012.10.06"]
[EventType "team-tourn"]
[EventRounds "7"]
[EventCountry "GER"]
[SourceTitle "EXT 2018"]
[Source "ChessBase"]
[SourceDate "2017.10.13"]
[SourceVersion "1"]
[SourceVersionDate "2017.10.13"]
[SourceQuality "1"]
[WhiteTeam "Lehrte (W)"]
[BlackTeam "Kiel Doppelbauer (W)"]
[WhiteTeamCountry "GER"]
[BlackTeamCountry "GER"]

1. e4 c5 2. Nf3 Nc6 3. d4 cxd4 4. Nxd4 d6 5. c4 Qb6 6. Nb3 Nf6 7. Be3 Qb4+ 8. N1d2 g6 9. Be2 Bg7 10. 0-0 0-0 11. Rc1 Qa4 12. c5 Ne5 13. cxd6 exd6 14. f3 Be6 15. Nd4 Qxa2 16. b3 Qa5 17. Nxe6 fxe6 18. Ra1 Qc3 19. Bf2 Nd3 20. Bxd3 Qxd3 21. Rxa7 Rxa7 22. Bxa7 Ra8 23. Bb6 d5 24. exd5 exd5 25. Nb1 Qb5 26. Bd4 Ne8 27. Bxg7 Nxg7 28. Kh1 d4 29. Nd2 Nf5 30. Nc4 Qc5 31. Re1 b5 32. Nb2 Ra2 33. Qb1 Qc3 34. Nd3 Rd2 35. Nf4 Ne3 36. Qe4 Qxb3 37. Qe8+ Kg7 38. Qe7+ Qf7 39. Ne6+ 1-0

[Event "GER-chT Federal Cup (Women)"]
[Site "Braunfels"]
[Date "2012.06.09"]
[Round "4.3"]
[White "Noll, Sonja"]
[Black "Willrodt, Sonja"]
[Result "0-1"]
[WhiteElo "1857"]
[BlackElo "1884"]
[PlyCount "90"]
[EventDate "2012.06.07"]
[EventType "team-swiss"]
[EventRounds "5"]
[EventCountry "GER"]
[SourceTitle "CBM 149 Extra"]
[Source "ChessBase"]
[SourceDate "2012.08.24"]
[SourceVersion "1"]
[SourceVersionDate "2012.08.24"]
[SourceQuality "1"]
[WhiteTeam "Saarland (W)"]
[BlackTeam "Schleswig Holstein (W)"]
[WhiteTeamCountry "GER"]
[BlackTeamCountry "GER"]

1. b4 d5 2. Bb2 e6 3. e3 Nf6 4. c4 Nbd7 5. c5 c6 6. f4 Ne4 7. Qg4 a5 8. a3 axb4 9. axb4 Rxa1 10. Bxa1 b6 11. Nc3 Ndf6 12. Qd1 bxc5 13. Nxe4 Nxe4 14. d3 Qh4+ 15. g3 Nxg3 16. Nf3 Qh6 17. Rg1 Nf5 18. e4 Nd4 19. bxc5 Nxf3+ 20. Qxf3 Qh4+ 21. Qg3 Qxg3+ 22. hxg3 Bxc5 23. Rh1 f6 24. e5 Kf7 25. d4 Bb4+ 26. Kf2 c5 27. Bd3 g6 28. exf6 c4 29. Bc2 Kxf6 30. Rb1 Bd6 31. Bc3 Re8 32. Rb6 Bc7 33. Rc6 Re7 34. Ba5 Bxa5 35. Rxc8 Rb7 36. Ba4 Kf5 37. Kf3 Kf6 38. Ke2 Bc3 39. Ke3 Ra7 40. Bd1 Ra1 41. Be2 Ra3 42. Bxc4 dxc4 43. Rxc4 Be1+ 44. Ke4 Bf2 45. f5 gxf5+ 0-1

[Event "BL2 West 1112 (Women)"]
[Site "Germany"]
[Date "2012.02.12"]
[Round "7.6"]
[White "Willrodt, Sonja"]
[Black "Brandt, Ina"]
[Result "1-0"]
[WhiteElo "1894"]
[BlackElo "1200"]
[PlyCount "55"]
[EventDate "2011.10.29"]
[EventType "team-tourn"]
[EventRounds "7"]
[EventCountry "GER"]
[SourceTitle "EXT 2013"]
[Source "ChessBase"]
[SourceDate "2012.11.22"]
[SourceVersion "1"]
[SourceVersionDate "2012.11.22"]
[SourceQuality "1"]
[WhiteTeam "Kiel Doppelbauer (W)"]
[BlackTeam "Dortmund 1875 (W)"]
[WhiteTeamCountry "GER"]
[BlackTeamCountry "GER"]

1. Nf3 Nf6 2. d4 g6 3. g3 Bg7 4. Bg2 d6 5. c3 0-0 6. Nbd2 c6 7. Qc2 Na6 8. 0-0 Nc7 9. e4 Ng4 10. h3 Nf6 11. Nh4 e5 12. dxe5 dxe5 13. Nhf3 Re8 14. Nc4 Nd7 15. Rd1 Nb5 16. a4 Nc7 17. Nd6 Re6 18. Ng5 Re7 19. Qb3 Rb8 20. Ngxf7 Qf8 21. Nh6+ Kh8 22. Ndf7+ Rxf7 23. Nxf7+ Kg8 24. Nxe5+ Kh8 25. Nxd7 Bxd7 26. Rxd7 Rc8 27. Qf7 Qxf7 28. Rxf7 1-0

[Event "BL2 West 1112 (Women)"]
[Site "Germany"]
[Date "2012.02.11"]
[Round "6.6"]
[White "Buechle, Regina"]
[Black "Willrodt, Sonja"]
[Result "1-0"]
[WhiteElo "1956"]
[BlackElo "1894"]
[PlyCount "105"]
[EventDate "2011.10.29"]
[EventType "team-tourn"]
[EventRounds "7"]
[EventCountry "GER"]
[SourceTitle "EXT 2013"]
[Source "ChessBase"]
[SourceDate "2012.11.22"]
[SourceVersion "1"]
[SourceVersionDate "2012.11.22"]
[SourceQuality "1"]
[WhiteTeam "Wattenscheid (W)"]
[BlackTeam "Kiel Doppelbauer (W)"]
[WhiteTeamCountry "GER"]
[BlackTeamCountry "GER"]

1. d4 Nf6 2. Nf3 d5 3. c4 c6 4. cxd5 cxd5 5. Nc3 e6 6. Bf4 Nc6 7. e3 a6 8. a3 Bd6 9. Bxd6 Qxd6 10. Bd3 0-0 11. 0-0 e5 12. dxe5 Nxe5 13. Be2 Re8 14. Nd4 Nfg4 15. Bxg4 Nxg4 16. Nf3 Nf6 17. Qd4 Bg4 18. Nd2 Rac8 19. h3 Be6 20. Rac1 Rc6 21. Ne2 Rec8 22. Rc3 h6 23. Rfc1 Qe7 24. b4 Ne8 25. Rxc6 bxc6 26. Qb6 Qf6 27. Qxa6 Qb2 28. Nf3 Nc7 29. Qd3 Nb5 30. a4 Nd6 31. Qc3 Qxe2 32. Nd4 Qa2 33. Nxe6 fxe6 34. Qe5 Nf7 35. Qxe6 Rb8 36. Qxc6 Qa3 37. Qc7 Qxb4 38. Qd7 Rd8 39. Rc8 Qf8 40. Rxd8 Qxd8 41. Qb5 Qa8 42. a5 Nd8 43. a6 Kf8 44. Qc5+ Ke8 45. Qd6 Qc6 46. Qe5+ Ne6 47. a7 Kd7 48. Qb8 Nc7 49. Qf8 Ne8 50. Qf7+ Kd8 51. Qf4 Nc7 52. Qb4 Qb5 53. Qxb5 1-0

[Event "St Leon Rot op"]
[Site "St Leon Rot"]
[Date "2011.12.29"]
[Round "6"]
[White "Wendling, Lukas"]
[Black "Willrodt, Sonja"]
[Result "1/2-1/2"]
[WhiteElo "1757"]
[BlackElo "1894"]
[PlyCount "39"]
[EventDate "2011.12.27"]
[EventType "swiss"]
[EventRounds "7"]
[EventCountry "GER"]
[SourceTitle "CBM 146 Extra"]
[Source "ChessBase"]
[SourceDate "2012.02.29"]
[SourceVersion "1"]
[SourceVersionDate "2012.02.29"]
[SourceQuality "1"]

1. e4 e6 2. d4 d5 3. e5 c5 4. c3 Nc6 5. Nf3 Nge7 6. Bd3 Ng6 7. a3 Qc7 8. 0-0 Bd7 9. Be3 c4 10. Bc2 0-0-0 11. Ng5 Be8 12. f4 Be7 13. f5 h6 14. Nxf7 Bxf7 15. fxg6 Be8 16. Qg4 Bd7 17. Rf7 Rhg8 18. Ba4 Rde8 19. Nd2 Qb6 20. Bxc6 1/2-1/2

[Event "St Leon Rot op"]
[Site "St Leon Rot"]
[Date "2011.12.29"]
[Round "5"]
[White "Willrodt, Sonja"]
[Black "Wuest, Hans Heiner"]
[Result "0-1"]
[WhiteElo "1894"]
[BlackElo "2120"]
[PlyCount "90"]
[EventDate "2011.12.27"]
[EventType "swiss"]
[EventRounds "7"]
[EventCountry "GER"]
[SourceTitle "CBM 146 Extra"]
[Source "ChessBase"]
[SourceDate "2012.02.29"]
[SourceVersion "1"]
[SourceVersionDate "2012.02.29"]
[SourceQuality "1"]

1. Nf3 Nf6 2. d3 d5 3. g3 g6 4. Bg2 Bg7 5. 0-0 0-0 6. Nbd2 c5 7. e4 Nc6 8. exd5 Nxd5 9. Nc4 e6 10. Rb1 Bd7 11. Be3 Nxe3 12. fxe3 Rb8 13. d4 b5 14. Nd6 cxd4 15. exd4 Qb6 16. Kh1 Nxd4 17. Nxd4 Qxd6 18. Nc6 Qxd1 19. Rbxd1 Bxc6 20. Bxc6 Rfc8 21. Be4 f5 22. Bd3 e5 23. c3 Kf7 24. Be2 b4 25. c4 Rd8 26. Rxd8 Rxd8 27. Rd1 Rxd1+ 28. Bxd1 e4 29. b3 Ke7 30. Kg2 Kd6 31. Kf2 Kc5 32. Ke3 Bh6+ 33. Ke2 Kd4 34. Kf2 Kd3 35. Ke1 Bf8 36. Be2+ Kc3 37. c5 Bxc5 38. Bb5 g5 39. Bd7 f4 40. gxf4 gxf4 41. Bf5 Kd4 42. Bxh7 Be7 43. Bg8 f3 44. Bc4 e3 45. Bf1 Kc3 0-1

[Event "BL2 West 1112 (Women)"]
[Site "Germany"]
[Date "2011.11.26"]
[Round "3.6"]
[White "Willrodt, Sonja"]
[Black "Schlueter, Ulrike"]
[Result "1-0"]
[WhiteElo "1894"]
[BlackElo "1509"]
[PlyCount "59"]
[EventDate "2011.10.29"]
[EventType "team-tourn"]
[EventRounds "7"]
[EventCountry "GER"]
[SourceTitle "EXT 2013"]
[Source "ChessBase"]
[SourceDate "2012.11.22"]
[SourceVersion "1"]
[SourceVersionDate "2012.11.22"]
[SourceQuality "1"]
[WhiteTeam "Kiel Doppelbauer (W)"]
[BlackTeam "Delmenhorst (W)"]
[WhiteTeamCountry "GER"]
[BlackTeamCountry "GER"]

1. Nf3 Nf6 2. d4 d5 3. e3 c6 4. c4 e6 5. Nc3 Nbd7 6. Bd3 Be7 7. 0-0 0-0 8. Qc2 Re8 9. b3 Nf8 10. Ne5 Bd6 11. Ne2 N6d7 12. f4 f6 13. Ng4 e5 14. Bf5 Qe7 15. Rf3 e4 16. Rg3 Ng6 17. cxd5 cxd5 18. Nc3 Nb6 19. Bxg6 hxg6 20. Nb5 Bb8 21. Ba3 Qd7 22. Qe2 a6 23. Nxf6+ gxf6 24. Rxg6+ Kf7 25. Qh5 Qxb5 26. Qh7+ Ke6 27. f5+ Kxf5 28. Rg7+ Ke6 29. Qh3+ f5 30. Qh6# 1-0

[Event "BL2 Nord 1011 (Women)"]
[Site "Germany"]
[Date "2010.11.07"]
[Round "2.5"]
[White "Willrodt, Sonja"]
[Black "Schwieger, Synnoeve"]
[Result "1-0"]
[WhiteElo "1889"]
[BlackElo "1693"]
[PlyCount "89"]
[EventDate "2010.11.06"]
[EventType "team-tourn"]
[EventRounds "7"]
[EventCountry "GER"]
[SourceTitle "EXT 2012"]
[Source "ChessBase"]
[SourceDate "2011.11.24"]
[SourceVersion "1"]
[SourceVersionDate "2011.11.24"]
[SourceQuality "1"]
[WhiteTeam "Kiel Doppelbauer (W)"]
[BlackTeam "Braunschweig (W)"]
[WhiteTeamCountry "GER"]
[BlackTeamCountry "GER"]

1. Nf3 d6 2. d4 g6 3. g3 Bg7 4. Bg2 Nf6 5. c3 c6 6. 0-0 0-0 7. Nbd2 Nbd7 8. e4 Qc7 9. Qe2 e5 10. dxe5 dxe5 11. b3 b6 12. Ba3 Re8 13. Rac1 Bb7 14. Rfd1 c5 15. b4 a5 16. b5 Rad8 17. Ne1 Nf8 18. Nc2 Ne6 19. Nc4 Bc8 20. N2e3 Qb8 21. Rxd8 Rxd8 22. Rd1 Rxd1+ 23. Qxd1 Bd7 24. Qb1 Ne8 25. Bc1 N6c7 26. a4 Be6 27. Qd3 Bxc4 28. Nxc4 Ne6 29. Qd7 Bf6 30. Nxb6 Qxb6 31. Qxe8+ Kg7 32. Qd7 Nf8 33. Qd5 Qc7 34. Bh3 Ne6 35. Bxe6 fxe6 36. Qxe6 Qd8 37. Qd5 Qxd5 38. exd5 Bd8 39. c4 Kf7 40. Kg2 Kf6 41. Kf3 h5 42. Ke4 Bc7 43. h4 Kf7 44. Bg5 Bd6 45. Bd8 1-0

[Event "GER-ch (Women)"]
[Site "Hockenheim"]
[Date "2009.08.30"]
[Round "9"]
[White "Hielscher, Ursula"]
[Black "Willrodt, Sonja"]
[Result "1/2-1/2"]
[WhiteElo "1878"]
[BlackElo "1870"]
[PlyCount "43"]
[EventDate "2009.08.21"]
[EventType "swiss"]
[EventRounds "9"]
[EventCountry "GER"]
[SourceTitle "CBM 131 Extra"]
[Source "ChessBase"]
[SourceDate "2009.09.03"]
[SourceVersion "2"]
[SourceVersionDate "2009.09.16"]
[SourceQuality "1"]

1. d4 d5 2. c4 e6 3. Nc3 Nf6 4. Bg5 Be7 5. e3 c6 6. Nf3 Nbd7 7. Bd3 dxc4 8. Bxc4 Nd5 9. Bxe7 Qxe7 10. 0-0 Qb4 11. Qb3 Qxb3 12. Bxb3 0-0 13. Ne4 N7f6 14. Ned2 Bd7 15. Rac1 Rfd8 16. Nc4 Be8 17. Na5 Rab8 18. Ne5 Ne7 19. Bd1 Nfd5 20. Bf3 f6 21. Nd3 b6 22. Nb3 1/2-1/2

[Event "GER-ch (Women)"]
[Site "Hockenheim"]
[Date "2009.08.24"]
[Round "3"]
[White "Niedermaier, Barbara"]
[Black "Willrodt, Sonja"]
[Result "1-0"]
[WhiteElo "1995"]
[BlackElo "1870"]
[PlyCount "117"]
[EventDate "2009.08.21"]
[EventType "swiss"]
[EventRounds "9"]
[EventCountry "GER"]
[SourceTitle "CBM 131 Extra"]
[Source "ChessBase"]
[SourceDate "2009.09.03"]
[SourceVersion "2"]
[SourceVersionDate "2009.09.16"]
[SourceQuality "1"]

1. f4 g6 2. Nf3 Bg7 3. e3 d6 4. Nc3 e5 5. Bc4 Nh6 6. 0-0 Bg4 7. h3 Be6 8. Bxe6 fxe6 9. Ng5 Qe7 10. Qf3 c6 11. b3 d5 12. a4 exf4 13. exf4 e5 14. Re1 e4 15. Ngxe4 0-0 16. Ba3 dxe4 17. Rxe4 Qf7 18. Bxf8 Bxf8 19. Rae1 Nd7 20. g4 Nc5 21. R4e2 Rd8 22. b4 Na6 23. b5 cxb5 24. Nxb5 Nb4 25. Qe4 a6 26. Nc3 Qd7 27. Qc4+ Qf7 28. Qxf7+ Kxf7 29. d3 Ng8 30. Ne4 Rc8 31. Ng5+ Kg7 32. Ne6+ Kf7 33. Nxf8 Kxf8 34. Rb1 a5 35. Re5 Rxc2 36. Rxa5 Nxd3 37. Rxb7 Rc8 38. f5 gxf5 39. Rxf5+ Ke8 40. Rxh7 Rc1+ 41. Kh2 Ne7 42. Rb5 Nc5 43. Ra5 Ne4 44. Ra8+ Nc8 45. Rh8+ Kd7 46. Kg2 Nb6 47. Ra7+ Kc6 48. Rh6+ Nd6 49. Ra6 Kb7 50. Rxb6+ Kxb6 51. Rxd6+ Kc5 52. Rf6 Ra1 53. a5 Kd4 54. a6 Ke5 55. g5 Ra3 56. h4 Ra4 57. Kg3 Kd5 58. h5 Ke5 59. h6 1-0

[Event "GER-ch (Women)"]
[Site "Hockenheim"]
[Date "2009.08.22"]
[Round "1"]
[White "Banisch, Anett"]
[Black "Willrodt, Sonja"]
[Result "1/2-1/2"]
[WhiteElo "2061"]
[BlackElo "1870"]
[PlyCount "59"]
[EventDate "2009.08.21"]
[EventType "swiss"]
[EventRounds "9"]
[EventCountry "GER"]
[SourceTitle "CBM 131 Extra"]
[Source "ChessBase"]
[SourceDate "2009.09.03"]
[SourceVersion "2"]
[SourceVersionDate "2009.09.16"]
[SourceQuality "1"]

1. e4 e6 2. d4 d5 3. Nd2 Nf6 4. e5 Nfd7 5. Ngf3 c5 6. Nb3 Nc6 7. c3 Be7 8. Be3 0-0 9. dxc5 Ndxe5 10. Nxe5 Nxe5 11. Qh5 Bf6 12. f4 g6 13. Qh3 Nc6 14. g4 Bh4+ 15. Bf2 Bxf2+ 16. Kxf2 Qf6 17. Kg3 e5 18. fxe5 Qxe5+ 19. Kf2 Qf4+ 20. Qf3 Qxf3+ 21. Kxf3 Ne5+ 22. Kg3 Bxg4 23. Re1 Bf3 24. Rg1 Be4 25. Nd2 f5 26. c4 Rfe8 27. cxd5 Bxd5 28. Bb5 Bc6 29. Bxc6 Nxc6 30. Nc4 1/2-1/2